LEADER 00914nam0 2200289 450 001 000007739 005 20090113145523.0 010 $a88-464-0908-6 100 $a20070329d1998----km-y0itay50------ba 101 0 $aita 102 $aIT 105 $ay-------001yy 200 1 $aElementi di psicogerontologia$fa cura di Marcello Cesa-Bianchi e Tommaso Vecchi 210 $aMilano$cFranco Angeli$dc1998 215 $a238 p.$d22 cm 225 2 $aCollana di psicologia$hSez. 2$iLa psicologia oggi$v98 410 0$12001$aCollana di psicologia 500 10$aElementi di psicogerontologia$960246 610 1 $aAnziani$aPsicologia 676 $a155.67$v20 702 1$aCesa-Bianchi,$bMarcello 702 1$aVecchi,$bTomaso 801 0$aIT$bUNIPARTHENOPE$c20060329$gRICA$2UNIMARC 912 $a000007739 951 $a155-E/1$b39284$cNAVA1$d2007 996 $aElementi di psicogerontologia$960246 997 $aUNIPARTHENOPE LEADER 01318nam0 2200325 450 001 000024890 005 20090324113355.0 100 $a20090324d1977----km-y0itay50------ba 101 1 $aita$cfre 102 $aIT 105 $ay-------101zy 200 1 $aMarx vivo$ela presenza di Karl Marx nel pensiero contemporaneo$fedizione integrale italiana a cura di Mario Spinella$gtraduzione di Elena Baffi, Silvano Corvisieri e Mario Spinella 205 $a4. ed. 210 $aMilano$cA. Mondadori$d1977 215 $a2 v.$d19 cm 225 2 $aOscar saggi$v5 300 $aSaggi presentati al simposio su: Il ruolo di Karl Marx nello sviluppo del pensiero scientifico contemporaneo, Parigi 8-10 maggio 1968 327 1 $a1.: Filosofia e metodologia / saggi di W. Adorno ... [et al.]$a2.: Sociologia ed economia / saggi di M. Rodinson ... [et al.] 410 0$12001$aOscar saggi 500 10$aColloque Marx$m$959257 610 1 $aMarx, Karl 676 $a335.4$v17$9Socialismo marxista, comunismo 676 $a335.4092$v20$9Sistemi marxiani. Persone 702 1$aSpinella,$bMario$f<1918-1994>$4070 801 0$aIT$bUNIPARTHENOPE$c20090324$gRICA$2UNIMARC 912 $a000024890 951 $a032/56$b410$cNAVA2 951 $a032/57$b411$cNAVA2 996 $aColloque Marx$959257 997 $aUNIPARTHENOPE